Preferences, comparative advantage, and compensating wage differentials for job routinization (Record no. 92365)

000 -LEADER
fixed length control field 00463pab a2200157 454500
008 - FIXED-LENGTH DATA ELEMENTS--GENERAL INFORMATION
fixed length control field 180718b2011 xxu||||| |||| 00| 0 eng d
100 ## - MAIN ENTRY--PERSONAL NAME
Personal name Quintana-Domeque, Climent
245 ## - TITLE STATEMENT
Title Preferences, comparative advantage, and compensating wage differentials for job routinization
260 ## - PUBLICATION, DISTRIBUTION, ETC.
Date of publication, distribution, etc. 2011
300 ## - PHYSICAL DESCRIPTION
Extent p.207-229.
362 ## - DATES OF PUBLICATION AND/OR SEQUENTIAL DESIGNATION
Dates of publication and/or sequential designation Apr
650 ## - SUBJECT ADDED ENTRY--TOPICAL TERM
Topical term or geographic name entry element Wage discrimination
773 ## - HOST ITEM ENTRY
Main entry heading Oxford Bulletin of Economics and Statistics
908 ## - PUT COMMAND PARAMETER (RLIN)
Put command parameter N
909 ## -
-- 92365
Holdings
Withdrawn status Lost status Damaged status Not for loan Permanent Location Current Location Date acquired Serial Enumeration / chronology Barcode Date last seen Price effective from Koha item type
        Indian Institute of Public Administration Indian Institute of Public Administration 2018-07-19 Volume no: 73, Issue no: 2 AR92825 2018-07-19 2018-07-19 Articles

Powered by Koha